000 01640 a2200277 4500
999 _c11300
_d11300
020 _a9780323551106
050 _aRT48.6
_bMOS 2020
100 _aLadwig, Gail B.
_eauthor
245 _aMosby's guide to nursing diagnosis/
_cGail B. Ladwig et al.
250 _aSixth edition
264 _aMissouri:
_bElsevier;
_c2020
300 _axi, 940 pages:
336 _2rdacontent
_atext
_btxt
337 _2rdamedia
_aunmediated
_bn
338 _2rdacarrier
_avolume
_bnc
504 _aIncludes bibliographical references (pages 844-872) and index
505 _aSect. I : Guide to nursing diagnoses -- Sect. II: Guide to planning care
520 _aPortable and easy-to-use, Mosby's Guide to Nursing Diagnosis, 6th Edition is ideal for use in clinicals, in class, and at the bedside! This pocket-sized reference book is a condensed version Ackley's Nursing Diagnosis Handbook, 12th Edition that helps you diagnose and formulate care plans with confidence and ease. Using a quick-access format, it includes the 2018-20 NANDA-I approved nursing diagnoses based on more than 1,300 specific symptoms and a step-by-step guide to creating care plans, featuring desired outcomes, interventions, and patient teaching. Plus, alphabetic thumb tabs allow for quick and easy access to specific symptoms and nursing diagnoses
650 _aNursing diagnosis -- Handbooks, manuals, etc
650 _aNursing Diagnosis -- methods
700 _aAckley, Betty J.
_eco-author
700 _aMakic, Mary Beth Flynn
_eco-author
700 _aKratz, Martinez M.
_eco-author
700 _aZanotti, M.
_eco-author
942 _2lcc
_cBK
_eSixth edition
_h48.6
_iMOS
_kRT